Zara. A tragedy : By Aaron Hill, Esq. Adapted for theatrical representation, as performed at the Theatre-Royal, Drury-Lane ad Covent Gardens. ...

Bibliographic Details
Main Author: Voltaire, 1694-1778
Other Authors: Hill, Aaron, 1685-1750
Format: eBook
Language:English
Series:Eighteenth century collections online.
Online Access:Full text online

MARC

Tag First Indicator Second Indicator Subfields
LEADER 00000cam a2200000 4500
001 in00001925018
006 m | d |
007 cr |n||||||||n
008 790922s1791 ie |||| s 00||||eng d
005 20260413212928.8
035 |a (CStRLIN)ESTCT53357 
040 |a Uk-ES  |c Uk-ES  |d Cu-RivES  |d CStRLIN  |d Thomson Gale  |d UtOrBLW 
100 1 |a Voltaire,  |d 1694-1778. 
240 1 0 |a Zaïre.  |l English 
245 1 0 |a Zara. A tragedy :  |b By Aaron Hill, Esq. Adapted for theatrical representation, as performed at the Theatre-Royal, Drury-Lane ad Covent Gardens. ... 
264 3 |a Dublin :  |b printed by Graisberry and Campbell, for William Jones,  |c 1791. 
300 |a 94p., plates ;  |c 12⁰. 
336 |a text  |b txt  |2 rdacontent 
337 |a computer  |b c  |2 rdamedia 
338 |a online resource  |b cr  |2 rdacarrier 
500 |a In fact translated from Voltaire's 'Zaı̈re,' by Aaron Hill. 
500 |a Also issued as part of: 'Jones's British theatre', volume2,. Dublin, 1795. 
500 |a Reproduction of original from the British Library. 
510 4 |a English Short Title Catalog,  |c ESTCT53357. 
533 |a Electronic reproduction.  |b Farmington Hills, Mich. :  |c Thomson Gale,  |d 2003.  |n Available via the World Wide Web.  |n Access limited by licensing agreements  |7 s2003 miunns 
500 |a Electronic resource. 
700 1 |a Hill, Aaron,  |d 1685-1750. 
730 0 |a Zara. A tragedy. 
830 0 |a Eighteenth century collections online. 
856 4 0 |u http://proxy.library.tamu.edu/login?url=https://galenet.galegroup.com/servlet/ECCO?c=1&stp=Author&ste=11&af=BN&ae=T053357&tiPG=1&dd=0&dc=flc&docNum=CW115014701&vrsn=1.0&srchtp=a&d4=0.33&n=10&SU=0LRK&locID=txshracd2898  |z Full text online  |t 0 
999 |a MARS 
999 f f |s a51adbc2-6154-3928-995b-7b2c3e61d0f6  |i 835c6cea-9187-3b6e-a428-dd2c64f83022  |t 0 
952 f f |a Texas A&M University  |b College Station  |c Electronic Resources  |s www_evans  |d Available Online  |t 0  |h No information provided 
998 f f |t 0  |l Available Online